=LDR 00000nam 2200000 4500 =001 INLIS000000000004412 =005 20130612092658 =008 ***********************************Ind** =035 ##$$0010-061300000004412 =041 ##$$a Ind =082 ##$$a 028.5 =090 ##$$a 028.5, Beg a =100 ##$$a BEGGIO, Valentine =245 ##$$a Apakah pelangi itu ?, oleh Valentine Beggio; Alih Bahasa, Esther S. Mandjani =260 ##$$a 1996 $b Jakarta =300 ##$$a 24 hlm., ilus., 20 cm =650 ##$$a Bacaan Kanak-Kanak =700 ##$$a MANJANI, Esther S =850 ##$$a NBPNMAT